| 000 | 01146cab a22002055a 4500 | ||
|---|---|---|---|
| 001 | L158975 | ||
| 008 | 151113e20151031xxk 000 0 eng d | ||
| 035 | _a(Sirsi) u158975 | ||
| 041 | 0 | _aeng | |
| 100 | 1 | _aSkerratt-Williams, S | |
| 245 | 0 | 4 | _aThe growing divide between England and Wales |
| 260 | _c2015 | ||
| 490 |
_aEstates Gazette _v(1543) 31 October 2015, 108-110(3) |
||
| 520 | _aExplains the growing divide between the legal systems of England and Wales. Notes that the National Assembly for Wales was established in 1998 with limited powers to make secondary legislation and this was extended under the Government of Wales Act 2006. Town and Country Planning is one of the areas in which legislative competence has been devolved to the Assembly. Under the Planning (Wales) Act 2015 which further alters the planning system in Wales changes include strengthening the plan led approach by introducing a legal framework for Welsh Ministers to prepare a national land use plan. | ||
| 590 | _aKA | ||
| 651 | 4 |
_aEngland and Wales _y1543- |
|
| 690 |
_aProperty management _96262 |
||
| 690 |
_aPlanning and development _96259 |
||
| 942 | _n0 | ||
| 999 |
_c84753 _d84753 |
||